| 000 | 00434nam a22001817a 4500 | ||
|---|---|---|---|
| 003 | MPLRDC | ||
| 005 | 20220104123955.0 | ||
| 008 | 210129b ||||| |||| 00| 0 eng d | ||
| 020 | _a7-5408-0030-5 | ||
| 082 | _a820.9 QJP | ||
| 100 | _a邱俊鹏 | ||
| 245 |
_a中国文学史话 _c |
||
| 250 | _a一版一刷 | ||
| 260 |
_a _b四川教育出版社 _c1987 |
||
| 300 | _b平 | ||
| 650 | _a中国文学史 | ||
| 942 |
_cBK _o820.9 QJP |
||
| 999 |
_c15654 _d15644 |
||